La pintura mig-eval catalana / (Record no. 125496)

MARC details
000 -LEADER
campo de control de longitud fija 01070nam a2200193 i 4500
001 - NÚMERO DE CONTROL
campo de control 125496
003 - IDENTIFICADOR DE NÚMERO DE CONTROL
campo de control ES-MaACL
005 - FECHA Y HORA DE LA ÚLTIMA TRANSACCIÓN
campo de control 20250820063043.0
007 - CAMPO FIJO DE DESCRIPCIÓN FÍSICA--INFORMACIÓN GENERAL
campo de control de longitud fija t|
008 - DATOS DE LONGITUD FIJA--INFORMACIÓN GENERAL
campo de control de longitud fija 070614s19081928sp |||| | cat d
100 1# - ENTRADA PRINCIPAL--NOMBRE DE PERSONA
Nombre de persona Sanpere i Miquel, Salvador,
Fechas asociadas al nombre 1840-1915
9 (RLIN) 103195
245 13 - MENCIÓN DEL TÍTULO
Título La pintura mig-eval catalana /
Mención de responsabilidad, etc. per Salvador Sanpere i Miquel.
260 ## - PUBLICACIÓN, DISTRIBUCIÓN, ETC.
Lugar de publicación, distribución, etc. Barcelona :
Nombre del editor, distribuidor, etc. [s.n.,
Fecha de publicación, distribución, etc. 1908-1928?] (
Fabricante Tip. "L'Avenç")
300 ## - DESCRIPCIÓN FÍSICA
Extensión 5 v. :
Otras características físicas il. ;
Dimensiones 23 cm.
505 8# - NOTA DE CONTENIDO CON FORMATO
Nota de contenido con formato Contiene: Vol.1, fasc.1: Fonts. Fi de l'art antic -- Vol.1, fasc.2: L'art barbre -- Vol.2, fasc.1: L'art del Trescents. Els mestres -- Vol.2, fasc.2: Els trescentistes catalans abans de Pedralbes. La miniatura -- Vol.2, fasc.3: Dels pintors contemporanis den Ferrer Bassa -- Vol.2, fasc.4: Pedralbes. En Ferrer Bassa -- Vol.2, fasc.5: Els trescentistes. Ferrer Bassa -- Vol.2, fasc. 6: Els trescentistes. Jaume Serra-- Vol.2, fasc.6: Els trescentistes. LLorenç Saragossa
650 #4 - PUNTO DE ACCESO ADICIONAL DE MATERIA--TÉRMINO DE MATERIA
Término de materia o nombre geográfico como elemento de entrada Pintura medieval-
Subdivisión geográfica Cataluña.
9 (RLIN) 155972
852 ## - LOCALIZACIÓN
Ubicación ES-MaACL
Número de control de estantería T-1235-F-6-13
Holdings
Estatus retirado Estado de pérdida Estado de daño No para préstamo Colección Biblioteca de origen Biblioteca actual Ubicación en estantería Fecha de adquisición Fuente de adquisición Total de préstamos Signatura topográfica completa Código de barras Visto por última vez Precio de reemplazo Tipo de ítem Koha
        Colección de folletos Biblioteca del Ateneo de Madrid Biblioteca del Ateneo de Madrid Depósito folletos 17/01/2008     T-1235-F-6-13 1130735 23/02/2023 23/02/2023 Folleto